NCAA College Teams by State: Texas - Statistics

General Stats
  • This quiz has been taken 184 times
  • The average score is 23 of 53
Answer Stats
% Correct
Division I-A Texas Longhorns
100%
Division I-A Texas A&M Aggies
98%
Division I-A Texas Tech Red Raiders
98%
Division I-A TCU Horned Frogs
95%
Division I-A Houston Cougars
94%
Division I-A Baylor Bears
93%
Division I-A North Texas Mean Green
92%
Division I-A Texas State Bobcats
92%
Division I-A SMU Mustangs
91%
Division I-A UTSA Roadrunners
91%
Division I-A UTEP Miners
89%
Division I-A Rice Owls
81%
Division I-A Sam Houston Bearkats
71%
Division I-AA Stephen F. Austin Lumberjacks
51%
Division I-AA Texas A&M-Corpus Christi Islanders
51%
Division I-AA Texas Southern Tigers
50%
Division I-AA Abilene Christian Wildcats
48%
Division III Dallas Crusaders
47%
Division I-AA Texas A&M-Commerce Lions
47%
Division I-AA UT Arlington Mavericks
46%
Division I-AA Tarleton State Texans
44%
Division I-AA Houston Christian Huskies
42%
Division I-AA Lamar Cardinals
41%
Division I-AA Incarnate Word Cardinals
40%
Division I-AA UTRGV Vaqueros
40%
Division I-AA Prairie View A&M Panthers
37%
Division II West Texas A&M Buffaloes
35%
Division II Dallas Baptist Patriots
29%
Division II Angelo State Rams
28%
Division III Mary Hardin-Baylor Crusaders
25%
Division III UT Dallas Comets
25%
Division II Texas A&M-Kingsville Javelinas
23%
Division II Texas-Permian Basin Falcons
23%
Division III Austin College 'Roos
22%
Division II St. Mary's (TX) Rattlers
20%
Division III Sul Ross State Lobos
20%
Division III Trinity Tigers
20%
Division II UT Tyler Patriots
20%
Division II Midwestern State Mustangs
18%
Division III Southwestern Pirates
18%
Division II St. Edward's Hilltoppers
17%
Division III Hardin-Simmons Cowboys
16%
Division III McMurry War Hawks
14%
Division III Texas Lutheran Bulldogs
14%
Division III East Texas Baptist Tigers
13%
Division II Lubbock Christian Chaparrals
13%
Division II Texas A&M International Dustdevils
12%
Division III LeTourneau Yellow Jackets
11%
Division II Texas Woman's Pioneers
11%
Division III Concordia Tornados
10%
Division III Howard Payne Yellow Jackets
10%
Division III St. Thomas Celts
10%
Division III Schreiner Mountaineers
8%
No matching quizzes found
Score Distribution
Percent of People with Each Score
Percentile by Number Answered
Your Score History
You have not taken this quiz